[Event "Buenos Aires Masters op"]
[Site "Buenos Aires"]
[Date "2023.06.19"]
[Round "8"]
[White "Etchevest, Marcelo"]
[Black "Suasnabar, Jesus"]
[Result "1/2-1/2"]
[WhiteElo "1744"]
[BlackElo "1922"]
[PlyCount "75"]
[EventDate "2023.06.14"]
[EventType "swiss"]
[EventRounds "9"]
[EventCountry "ARG"]
[SourceTitle "CBM 215 Extra"]
[Source "ChessBase"]
[SourceDate "2023.09.30"]
[SourceVersion "1"]
[SourceVersionDate "2023.09.30"]
[SourceQuality "1"]

1. b3 Nf6 2. Bb2 g6 3. Bxf6 exf6 4. e3 d5 5. Ne2 Bg7 6. g3 c6 7. Bg2 a5 8. c4 dxc4 9. bxc4 f5 10. d4 Be6 11. c5 Nd7 12. Nbc3 0-0 13. 0-0 Qc7 14. Qa4 Rfe8 15. Rac1 b6 16. cxb6 Nxb6 17. Qc2 Qd6 18. Na4 Nxa4 19. Qxa4 Qb4 20. Qc2 Qa3 21. Ra1 Reb8 22. Rab1 Qxa2 23. Qxa2 Bxa2 24. Rxb8+ Rxb8 25. Bxc6 Bc4 26. Re1 Rb6 27. Bd7 Bf8 28. Nc3 Bb4 29. Rb1 Bd3 30. Rb2 Rd6 31. Ba4 Bxc3 32. Rb3 Bxd4 33. Rxd3 Bc5 34. Rxd6 Bxd6 35. Kf1 Kg7 36. Ke2 g5 37. f3 g4 38. Bd7 1/2-1/2

[Event "Florianopolis op 5th"]
[Site "Florianopolis"]
[Date "2019.01.23"]
[Round "4"]
[White "Awoki, Daniel Teidi"]
[Black "Etchevest, Marcelo"]
[Result "1-0"]
[WhiteElo "2143"]
[BlackElo "1860"]
[PlyCount "43"]
[EventDate "2019.01.21"]
[EventType "swiss"]
[EventRounds "10"]
[EventCountry "BRA"]
[SourceTitle "CBM 188 Extra"]
[Source "ChessBase"]
[SourceDate "2019.02.26"]
[SourceVersion "1"]
[SourceVersionDate "2019.02.26"]
[SourceQuality "1"]

1. e4 d5 2. exd5 Nf6 3. c4 c6 4. d4 cxd5 5. Nc3 Be6 6. cxd5 Bxd5 7. Nxd5 Qxd5 8. Nf3 Nc6 9. Be2 e6 10. 0-0 Bd6 11. b3 0-0 12. Bb2 Rfd8 13. Qb1 Rdc8 14. Rd1 Qh5 15. g3 Nb4 16. a3 Nbd5 17. Qd3 Qg6 18. Qxg6 hxg6 19. Bd3 Kf8 20. Ne5 Nc3 21. Re1 Bxe5 22. Rxe5 1-0

[Event "ARG-ch sf 93rd"]
[Site "Buenos Aires"]
[Date "2018.05.24"]
[Round "6"]
[White "Etchevest, Marcelo"]
[Black "Montes de Oca, Juan Jose"]
[Result "0-1"]
[WhiteElo "1856"]
[BlackElo "2022"]
[PlyCount "70"]
[EventDate "2018.05.19"]
[EventType "swiss"]
[EventRounds "9"]
[EventCountry "ARG"]
[SourceTitle "CBM 184 Extra"]
[Source "ChessBase"]
[SourceDate "2018.06.28"]
[SourceVersion "1"]
[SourceVersionDate "2018.06.28"]
[SourceQuality "1"]

1. d4 d5 2. Nf3 Nf6 3. Bg5 Nbd7 4. e3 e6 5. Nbd2 Be7 6. c3 b6 7. Bb5 0-0 8. 0-0 Bb7 9. Ne5 Nxe5 10. dxe5 Nd7 11. Bxe7 Qxe7 12. f4 f6 13. Nf3 c6 14. Bd3 fxe5 15. fxe5 c5 16. b4 a5 17. a3 Bc6 18. Qc2 g5 19. g4 Qg7 20. c4 axb4 21. e4 d4 22. Qd2 h6 23. a4 Rf4 24. h3 Raf8 25. Kg2 Nxe5 26. Nxe5 Qxe5 27. Rxf4 Rxf4 28. Re1 Kg7 29. Qe2 Qb8 30. Bc2 Qa8 31. Kg1 e5 32. Bd3 Qxa4 33. h4 b3 34. Rf1 Qa2 35. Qe1 Rxg4+ 0-1

[Event "ARG-ch sf 93rd"]
[Site "Buenos Aires"]
[Date "2018.05.22"]
[Round "4"]
[White "Etchevest, Marcelo"]
[Black "Lojo, Juan Antonio"]
[Result "1-0"]
[WhiteElo "1856"]
[BlackElo "1776"]
[PlyCount "33"]
[EventDate "2018.05.19"]
[EventType "swiss"]
[EventRounds "9"]
[EventCountry "ARG"]
[SourceTitle "CBM 184 Extra"]
[Source "ChessBase"]
[SourceDate "2018.06.28"]
[SourceVersion "1"]
[SourceVersionDate "2018.06.28"]
[SourceQuality "1"]

1. b3 Nf6 2. Bb2 e6 3. e3 d5 4. f4 c5 5. Nf3 Nc6 6. Bb5 Bd7 7. 0-0 Be7 8. d3 0-0 9. Bxc6 Bxc6 10. Ne5 Nd7 11. Nd2 Nxe5 12. fxe5 Bg5 13. Qe2 d4 14. exd4 Bxd2 15. Qxd2 cxd4 16. Ba3 Re8 17. Qf4 1-0

[Event "ARG-ch sf 93rd"]
[Site "Buenos Aires"]
[Date "2018.05.20"]
[Round "2"]
[White "Etchevest, Marcelo"]
[Black "Villarreal, Hector"]
[Result "1/2-1/2"]
[WhiteElo "1856"]
[BlackElo "2074"]
[PlyCount "64"]
[EventDate "2018.05.19"]
[EventType "swiss"]
[EventRounds "9"]
[EventCountry "ARG"]
[SourceTitle "CBM 184 Extra"]
[Source "ChessBase"]
[SourceDate "2018.06.28"]
[SourceVersion "1"]
[SourceVersionDate "2018.06.28"]
[SourceQuality "1"]

1. b3 e5 2. Bb2 Nc6 3. c4 Nf6 4. e3 d5 5. cxd5 Nxd5 6. a3 Be7 7. Bb5 Bf6 8. Qc2 0-0 9. Bxc6 bxc6 10. Qxc6 Rb8 11. Qc2 Ba6 12. Ne2 Re8 13. d3 Nf4 14. Nc1 Bxd3 15. Nxd3 Nxd3+ 16. Ke2 Nxb2 17. Nc3 Qc8 18. Qxb2 Qa6+ 19. Ke1 e4 20. Rd1 Rbd8 21. Qc2 Rd3 22. Nxe4 Rxd1+ 23. Kxd1 Rd8+ 24. Ke1 Qxa3 25. Nxf6+ gxf6 26. Ke2 Qa6+ 27. Qc4 Qd6 28. Rc1 Rd7 29. b4 f5 30. h3 a6 31. g3 Qf6 32. Qc6 Qe7 1/2-1/2

[Event "ARG-ch sf 92nd"]
[Site "Buenos Aires"]
[Date "2017.07.15"]
[Round "6"]
[White "Gugliotta, Maria Julieta"]
[Black "Etchevest, Marcelo"]
[Result "0-1"]
[WhiteElo "1534"]
[BlackElo "1868"]
[PlyCount "31"]
[EventDate "2017.07.10"]
[EventType "swiss"]
[EventRounds "9"]
[EventCountry "ARG"]
[SourceTitle "EXT 2018"]
[Source "ChessBase"]
[SourceDate "2017.10.13"]
[SourceVersion "1"]
[SourceVersionDate "2017.10.13"]
[SourceQuality "1"]

1. d4 g6 2. Bf4 d6 3. Nf3 Bg7 4. c3 Nd7 5. e4 Ngf6 6. Nbd2 e6 7. h3 0-0 8. Be2 c5 9. dxc5 Nxc5 10. e5 Nh5 11. Bh2 dxe5 12. Bxe5 Nd3+ 13. Bxd3 Qxd3 14. Bxg7 Kxg7 15. Ne5 Qb5 16. Nec4 0-1

[Event "ARG-ch sf 92nd"]
[Site "Buenos Aires"]
[Date "2017.07.14"]
[Round "5"]
[White "Etchevest, Marcelo"]
[Black "Jorge, Hector"]
[Result "0-1"]
[WhiteElo "1868"]
[BlackElo "2013"]
[PlyCount "90"]
[EventDate "2017.07.10"]
[EventType "swiss"]
[EventRounds "9"]
[EventCountry "ARG"]
[SourceTitle "EXT 2018"]
[Source "ChessBase"]
[SourceDate "2017.10.13"]
[SourceVersion "1"]
[SourceVersionDate "2017.10.13"]
[SourceQuality "1"]

1. d4 Nf6 2. Nf3 g6 3. b3 Bg7 4. Bb2 0-0 5. Nbd2 d5 6. e3 Bf5 7. Ne5 Nc6 8. Nxc6 bxc6 9. Bd3 Qd7 10. Nf3 Bg4 11. h3 Bxf3 12. Qxf3 Rfe8 13. 0-0 Qd6 14. Rac1 a5 15. a4 Qb4 16. Qd1 Rab8 17. f4 e6 18. Ra1 Nd7 19. Rf2 c5 20. Bb5 Rxb5 21. axb5 Qxb5 22. Qc1 Bf8 23. Qd2 Ra8 24. dxc5 Bxc5 25. c4 dxc4 26. bxc4 Qc6 27. Re2 Be7 28. Rxa5 Rd8 29. Qc2 Nb6 30. Qc3 f6 31. Ba3 Bxa3 32. Rxa3 Kf7 33. Kh2 Qd7 34. e4 Qd1 35. Re1 Qd7 36. c5 Nc8 37. Re3 Qc6 38. Qc4 Ne7 39. Ra6 Qd7 40. Raa3 Qc6 41. Ra6 Qd7 42. Rb3 c6 43. Rab6 Qd2 44. Rf3 Rd7 45. Rbb3 Rd4 0-1

[Event "ARG-ch sf 92nd"]
[Site "Buenos Aires"]
[Date "2017.07.13"]
[Round "4"]
[White "Etchevest, Marcelo"]
[Black "Palu, Andres"]
[Result "1/2-1/2"]
[WhiteElo "1868"]
[BlackElo "2212"]
[PlyCount "129"]
[EventDate "2017.07.10"]
[EventType "swiss"]
[EventRounds "9"]
[EventCountry "ARG"]
[SourceTitle "EXT 2018"]
[Source "ChessBase"]
[SourceDate "2017.10.13"]
[SourceVersion "1"]
[SourceVersionDate "2017.10.13"]
[SourceQuality "1"]

1. d4 Nf6 2. Nf3 e6 3. Bg5 d5 4. e3 Nbd7 5. Bd3 b6 6. Nbd2 Bb7 7. Ne5 h6 8. Bh4 a6 9. f4 Be7 10. 0-0 c5 11. c3 cxd4 12. exd4 Ne4 13. Bxe7 Qxe7 14. Nxd7 Qxd7 15. Nf3 0-0 16. Ne5 Qd6 17. Qh5 f5 18. Rae1 Bc6 19. Re3 Bb5 20. Bxb5 axb5 21. a3 Qd8 22. Qe2 Qe8 23. Rh3 Ra7 24. Qh5 Qxh5 25. Rxh5 Rf6 26. Rh3 g5 27. Re3 Rg7 28. Re2 Nd6 29. Nd3 Kf7 30. Kf2 Ke8 31. Ke1 Ne4 32. Kd1 Kd7 33. Kc2 Kd6 34. Ne5 Rf8 35. Kb3 Rgg8 36. g3 Kc7 37. Kb4 Nd6 38. Nd3 Re8 39. Rfe1 Rg6 40. Rf1 g4 41. Ne5 Rf6 42. Rh1 h5 43. h4 Kb7 44. Rg1 Rh6 45. Nd3 Rh7 46. Ne5 Rc7 47. Rge1 Ne4 48. Rg1 Ka6 49. Nd3 Rc4+ 50. Kb3 Kb7 51. Ne5 Rc7 52. Kc2 Rcc8 53. Re3 Kc7 54. Re2 Kd6 55. Nf7+ Kc7 56. Ne5 Re7 57. Re3 Kd6 58. Kb3 Ra7 59. Kc2 Ra4 60. Rd3 Nf2 61. Rd2 Ne4 62. Rd3 Rca8 63. Rg2 Rc8 64. Kb3 Rc7 65. Rd1 1/2-1/2

[Event "ARG-ch sf 92nd"]
[Site "Buenos Aires"]
[Date "2017.07.11"]
[Round "2"]
[White "Etchevest, Marcelo"]
[Black "Cuevas, Alex"]
[Result "0-1"]
[WhiteElo "1868"]
[BlackElo "2284"]
[PlyCount "97"]
[EventDate "2017.07.10"]
[EventType "swiss"]
[EventRounds "9"]
[EventCountry "ARG"]
[SourceTitle "EXT 2018"]
[Source "ChessBase"]
[SourceDate "2017.10.13"]
[SourceVersion "1"]
[SourceVersionDate "2017.10.13"]
[SourceQuality "1"]

1. d4 c5 2. Nf3 cxd4 3. Nxd4 Nf6 4. Nc3 d6 5. Bg5 Nc6 6. g3 Qa5 7. Bxf6 gxf6 8. Bg2 Bd7 9. 0-0 Bg7 10. Nd5 Rc8 11. c3 h5 12. e4 e6 13. Nb3 Qa4 14. Nf4 Bf8 15. Nxh5 Be7 16. Nf4 Ne5 17. Nd4 Qxd1 18. Rfxd1 Nc4 19. Nd3 b5 20. Rac1 f5 21. exf5 e5 22. Ne2 Bxf5 23. b3 Nb6 24. Nb4 d5 25. Nxd5 Ba3 26. Ne3 Bg6 27. Rc2 Bxc2 28. Nxc2 Bc5 29. Bb7 Rc7 30. Ba6 b4 31. Bb5+ Ke7 32. Nxb4 Bxb4 33. cxb4 Rc2 34. a4 Rd8 35. Rxd8 Kxd8 36. a5 Nd5 37. Bc4 Nxb4 38. g4 Ke7 39. Ng3 Nc6 40. a6 Na5 41. Nf5+ Kf6 42. Bb5 Nxb3 43. Nd6 Rb2 44. h4 Nd4 45. Bc4 Nf3+ 46. Kg2 Nxh4+ 47. Kg3 Ng6 48. g5+ Kxg5 49. Bxf7 0-1

[Event "Pan American-ch U2000"]
[Site "Carilo Village"]
[Date "2016.10.26"]
[Round "2"]
[White "Etchevest, Marcelo"]
[Black "Dubrovich, Igor"]
[Result "1/2-1/2"]
[WhiteElo "1911"]
[BlackElo "1801"]
[PlyCount "45"]
[EventDate "2016.10.25"]
[EventType "swiss"]
[EventRounds "9"]
[EventCountry "ARG"]
[SourceTitle "EXT 2022"]
[Source "ChessBase"]
[SourceDate "2021.10.06"]
[SourceVersion "1"]
[SourceVersionDate "2021.10.06"]
[SourceQuality "1"]

1. d4 Nf6 2. Nc3 d5 3. Bg5 c6 4. f3 Nbd7 5. e4 dxe4 6. fxe4 Qa5 7. Qd2 e5 8. Nf3 Bb4 9. Bd3 exd4 10. Nxd4 0-0 11. 0-0 Qc5 12. a3 Qxd4+ 13. Be3 Bxc3 14. bxc3 Qa4 15. Rf4 Ne5 16. Bd4 Qa5 17. Raf1 Nfg4 18. h3 c5 19. Rxg4 cxd4 20. Rxg7+ Kxg7 21. Qg5+ Kh8 22. Qf6+ Kg8 23. Qg5+ 1/2-1/2

[Event "Buenos Aires Duchamp Boca op 3rd"]
[Site "Buenos Aires"]
[Date "2013.06.27"]
[Round "7"]
[White "Etchevest, Marcelo"]
[Black "Conde, Adrian"]
[Result "0-1"]
[WhiteElo "1801"]
[BlackElo "2030"]
[PlyCount "64"]
[EventDate "2013.06.20"]
[EventType "swiss"]
[EventRounds "9"]
[EventCountry "ARG"]
[SourceTitle "CBM 155 Extra"]
[Source "ChessBase"]
[SourceDate "2013.08.26"]
[SourceVersion "1"]
[SourceVersionDate "2013.08.26"]
[SourceQuality "1"]

1. e4 Nf6 2. e5 Nd5 3. c4 Nb6 4. c5 Nd5 5. Nc3 e6 6. Bc4 Nxc3 7. dxc3 Nc6 8. Bf4 Bxc5 9. Qg4 Kf8 10. 0-0-0 d6 11. Nf3 Qe8 12. exd6 cxd6 13. Bxd6+ Bxd6 14. Rxd6 g6 15. Rhd1 a6 16. Qh4 Kg7 17. Ne5 Qe7 18. Qf4 Nxe5 19. Qxe5+ Qf6 20. Qc5 b5 21. Bb3 Bb7 22. Bxe6 Rad8 23. Bd7 Qf4+ 24. Kb1 Bxg2 25. a3 Rhf8 26. Rxa6 Be4+ 27. Ka1 Rxd7 28. Rxd7 Qc1+ 29. Ka2 Bc2 30. Qd4+ Kg8 31. a4 b4 32. Qd1 Bxd1 0-1

[Event "Buenos Aires Duchamp Boca op 3rd"]
[Site "Buenos Aires"]
[Date "2013.06.23"]
[Round "3"]
[White "Etchevest, Marcelo"]
[Black "Quenallata, Luciano"]
[Result "0-1"]
[WhiteElo "1801"]
[BlackElo "2168"]
[PlyCount "90"]
[EventDate "2013.06.20"]
[EventType "swiss"]
[EventRounds "9"]
[EventCountry "ARG"]
[SourceTitle "CBM 155 Extra"]
[Source "ChessBase"]
[SourceDate "2013.08.26"]
[SourceVersion "1"]
[SourceVersionDate "2013.08.26"]
[SourceQuality "1"]

1. e4 c5 2. d4 cxd4 3. c3 d5 4. exd5 Qxd5 5. Nf3 Nc6 6. cxd4 e5 7. Nc3 Bb4 8. Bd2 Bxc3 9. Bxc3 exd4 10. Nxd4 Nf6 11. Qe2+ Kf8 12. 0-0-0 Bg4 13. f3 Re8 14. Qb5 Bd7 15. Nxc6 Qxc6 16. Qb4+ Kg8 17. Bc4 a5 18. Qb3 Be6 19. Bxe6 fxe6 20. Kb1 a4 21. Qa3 Nd5 22. Be5 b5 23. Rc1 Qa6 24. Qd6 Qxd6 25. Bxd6 Rd8 26. Rhe1 Kf7 27. Be5 Rd7 28. Rc5 Rb7 29. Rc6 Rd8 30. Bg3 Re8 31. Be5 Rd7 32. Re4 b4 33. Rg4 g6 34. Rgc4 Red8 35. g4 Ne3 36. Rc1 g5 37. Rc7 Kg6 38. Rxd7 Rxd7 39. Re1 b3 40. axb3 axb3 41. Kc1 Rd3 42. Bd4 Nc2 43. Rxe6+ Kf7 44. Rf6+ Ke7 45. Bc3 Ne3 0-1

[Event "American Continental 08th"]
[Site "Mar del Plata"]
[Date "2012.10.18"]
[Round "8"]
[White "Salvatti, Diego"]
[Black "Etchevest, Marcelo"]
[Result "0-1"]
[WhiteElo "2112"]
[BlackElo "1744"]
[PlyCount "88"]
[EventDate "2012.10.12"]
[EventType "swiss"]
[EventRounds "11"]
[EventCountry "ARG"]
[SourceTitle "EXT 2013"]
[Source "ChessBase"]
[SourceDate "2012.11.22"]
[SourceVersion "1"]
[SourceVersionDate "2012.11.22"]
[SourceQuality "1"]

1. d4 d5 2. Nf3 Nf6 3. e3 Bg4 4. Be2 Nc6 5. 0-0 e6 6. c4 dxc4 7. Nbd2 b5 8. a4 a6 9. b3 c3 10. Qc2 b4 11. h3 Bh5 12. Nc4 Qd5 13. a5 Be7 14. Qa2 0-0 15. Qa4 Ne4 16. Re1 f6 17. Qa2 Kh8 18. g4 Be8 19. Bf1 f5 20. Bg2 fxg4 21. hxg4 Rd8 22. Qe2 Qb5 23. Ra2 Bg6 24. Qd1 Nc5 25. Nce5 Be4 26. Bf1 Qb7 27. Bc4 Nxe5 28. Nxe5 Nd7 29. Qe2 Nxe5 30. dxe5 Bf3 31. Qf1 Qe4 32. Qh3 Bxg4 33. Qh2 Rf3 34. Bxa6 Rf5 35. f4 Rh5 36. Qg2 Bf3 37. Qg3 Rh1+ 38. Kf2 Bh4 39. Rxh1 Bxg3+ 40. Kxg3 Bxh1 41. Bc4 Qf3+ 42. Kh2 Qh5+ 43. Kg3 Rd1 44. a6 Rg1+ 0-1

[Event "American Continental 08th"]
[Site "Mar del Plata"]
[Date "2012.10.14"]
[Round "4"]
[White "Caceres Recalde, Gonzalo"]
[Black "Etchevest, Marcelo"]
[Result "1-0"]
[WhiteElo "1582"]
[BlackElo "1744"]
[PlyCount "39"]
[EventDate "2012.10.12"]
[EventType "swiss"]
[EventRounds "11"]
[EventCountry "ARG"]
[SourceTitle "EXT 2013"]
[Source "ChessBase"]
[SourceDate "2012.11.22"]
[SourceVersion "1"]
[SourceVersionDate "2012.11.22"]
[SourceQuality "1"]

1. e4 c5 2. Nf3 Nc6 3. d4 cxd4 4. Nxd4 e5 5. Nb5 d6 6. N1c3 a6 7. Na3 Nf6 8. Bd3 Be6 9. Bg5 Be7 10. 0-0 b5 11. Bxf6 Bxf6 12. Nd5 Bg5 13. c3 0-0 14. Nc2 f5 15. Ndb4 Qc7 16. exf5 Bc4 17. Bxc4+ bxc4 18. Qg4 h6 19. Rad1 a5 20. Nd5 1-0

[Event "ARG-ch 86th"]
[Site "La Plata"]
[Date "2012.07.05"]
[Round "2"]
[White "Herman, Diego"]
[Black "Etchevest, Marcelo"]
[Result "1-0"]
[WhiteElo "2193"]
[BlackElo "1726"]
[PlyCount "35"]
[EventDate "2012.07.04"]
[EventType "swiss"]
[EventRounds "11"]
[EventCountry "ARG"]
[SourceTitle "CBM 149 Extra"]
[Source "ChessBase"]
[SourceDate "2012.08.24"]
[SourceVersion "1"]
[SourceVersionDate "2012.08.24"]
[SourceQuality "1"]

1. e4 c5 2. Nf3 Nc6 3. Bb5 g6 4. 0-0 Bg7 5. Re1 Nf6 6. e5 Nd5 7. Nc3 Nxc3 8. dxc3 0-0 9. Bg5 a6 10. Bxc6 bxc6 11. Qd2 Re8 12. Qf4 Qb6 13. b3 Bb7 14. Rad1 Rad8 15. Qh4 d5 16. exd6 f6 17. Qc4+ Kf8 18. d7 1-0